<?xml version="1.0" encoding="UTF-8"?>
<record
    xmlns:xsi="http://www.w3.org/2001/XMLSchema-instance"
    xsi:schemaLocation="http://www.loc.gov/MARC21/slim http://www.loc.gov/standards/marcxml/schema/MARC21slim.xsd"
    xmlns="http://www.loc.gov/MARC21/slim">

  <leader>00499cam a2200169Ka 4500</leader>
  <datafield tag="020" ind1=" " ind2=" ">
    <subfield code="a">0256101167 (pbk.)</subfield>
  </datafield>
  <datafield tag="040" ind1=" " ind2=" ">
    <subfield code="c">EUN</subfield>
  </datafield>
  <datafield tag="082" ind1=" " ind2=" ">
    <subfield code="a">658 IRW 1991 A055 Or.</subfield>
  </datafield>
  <datafield tag="100" ind1="1" ind2=" ">
    <subfield code="a">McCarthy, E. Jerome</subfield>
  </datafield>
  <datafield tag="245" ind1="1" ind2="0">
    <subfield code="a">Applications in basic marketing :</subfield>
    <subfield code="b">clippings from the popular business press /</subfield>
  </datafield>
  <datafield tag="250" ind1=" " ind2=" ">
    <subfield code="a">1991-1992 ed.</subfield>
  </datafield>
  <datafield tag="260" ind1=" " ind2=" ">
    <subfield code="a">Homewood, IL ;</subfield>
    <subfield code="a">Boston, MA :</subfield>
    <subfield code="b">Irwin,</subfield>
    <subfield code="c">1991.</subfield>
  </datafield>
  <datafield tag="300" ind1=" " ind2=" ">
    <subfield code="a">viii, 107 p. :</subfield>
    <subfield code="b">ill. ;</subfield>
    <subfield code="c">26 cm.</subfield>
  </datafield>
  <datafield tag="650" ind1=" " ind2="0">
    <subfield code="a">Marketing</subfield>
  </datafield>
  <datafield tag="700" ind1="1" ind2=" ">
    <subfield code="a">Perreault, William D.,</subfield>
  </datafield>
  <datafield tag="942" ind1=" " ind2=" ">
    <subfield code="c">EK</subfield>
  </datafield>
  <datafield tag="999" ind1=" " ind2=" ">
    <subfield code="c">15207</subfield>
    <subfield code="d">15207</subfield>
  </datafield>
  <datafield tag="952" ind1=" " ind2=" ">
    <subfield code="0">0</subfield>
    <subfield code="1">0</subfield>
    <subfield code="4">0</subfield>
    <subfield code="6">658_000000000000000_IRW_1991_A055_OR</subfield>
    <subfield code="7">0</subfield>
    <subfield code="9">68009</subfield>
    <subfield code="a">LBA</subfield>
    <subfield code="b">LBA</subfield>
    <subfield code="c">A055</subfield>
    <subfield code="d">2017-11-13</subfield>
    <subfield code="o">658 IRW 1991 A055 Or.</subfield>
    <subfield code="p">A07146</subfield>
    <subfield code="r">2017-11-13</subfield>
    <subfield code="w">2017-11-13</subfield>
    <subfield code="y">EK</subfield>
  </datafield>
  <datafield tag="952" ind1=" " ind2=" ">
    <subfield code="0">0</subfield>
    <subfield code="1">0</subfield>
    <subfield code="4">0</subfield>
    <subfield code="6">658_000000000000000_IRW_1991_A055_OR</subfield>
    <subfield code="7">0</subfield>
    <subfield code="9">68010</subfield>
    <subfield code="a">LBA</subfield>
    <subfield code="b">LBA</subfield>
    <subfield code="c">A055</subfield>
    <subfield code="d">2017-11-13</subfield>
    <subfield code="o">658 IRW 1991 A055 Or.</subfield>
    <subfield code="p">A07071</subfield>
    <subfield code="r">2017-11-13</subfield>
    <subfield code="y">EK</subfield>
  </datafield>
</record>
